Úplné znenie zákona č. 92/1991 Zb. o podmienkach prevodu majetku štátu na iné osoby
Pokračovanie z predošlého čísla. Osobitné, prechodné a záverečné ustanovenia. Súvisiace zákony.
Guardado en:
| Formato: | Capítulo de libro |
|---|---|
| Lenguaje: | eslovaco |
| Materias: | |
| Etiquetas: |
Sin Etiquetas, Sea el primero en etiquetar este registro!
|
MARC
| LEADER | 00000naa a2200000 4500 | ||
|---|---|---|---|
| 001 | r019068 | ||
| 005 | 20221213101152.5 | ||
| 041 | 0 | |a slo | |
| 044 | |a SK | ||
| 245 | 1 | 0 | |a Úplné znenie zákona č. 92/1991 Zb. o podmienkach prevodu majetku štátu na iné osoby |
| 520 | |a Pokračovanie z predošlého čísla. Osobitné, prechodné a záverečné ustanovenia. Súvisiace zákony. | ||
| 610 | 2 | 0 | |a Slovensko |
| 610 | 2 | 0 | |a zákony |
| 610 | 2 | 0 | |a 1991 |
| 610 | 2 | 0 | |a privatizácia |
| 610 | 2 | 0 | |a osoby fyzické |
| 610 | 2 | 0 | |a osoby právnické |
| 610 | 2 | 0 | |a vlastníctvo štátne |
| 610 | 2 | 0 | |a štát |